[Event "Florianopolis op 5th"]
[Site "Florianopolis"]
[Date "2019.01.26"]
[Round "8"]
[White "Maba, Mateus dos Passos"]
[Black "Maciel, Diogo Alves"]
[Result "0-1"]
[WhiteElo "1705"]
[BlackElo "1957"]
[PlyCount "27"]
[EventDate "2019.01.21"]
[EventType "swiss"]
[EventRounds "10"]
[EventCountry "BRA"]
[SourceTitle "CBM 188 Extra"]
[Source "ChessBase"]
[SourceDate "2019.02.26"]
[SourceVersion "1"]
[SourceVersionDate "2019.02.26"]
[SourceQuality "1"]

1. e4 e5 2. f4 d5 3. exd5 exf4 4. Nf3 Be7 5. Bc4 Bh4+ 6. g3 Qe7+ 7. Qe2 Bg4 8. gxh4 Bxf3 9. Qxe7+ Nxe7 10. 0-0 Bxd5 11. Bxd5 Nxd5 12. c4 Nb4 13. Nc3 N8c6 14. Rxf4 0-1

[Event "Florianopolis op 5th"]
[Site "Florianopolis"]
[Date "2019.01.26"]
[Round "9"]
[White "Maciel, Diogo Alves"]
[Black "Da Silva, Joao Carlos Orguim"]
[Result "1-0"]
[WhiteElo "1957"]
[BlackElo "1762"]
[PlyCount "99"]
[EventDate "2019.01.21"]
[EventType "swiss"]
[EventRounds "10"]
[EventCountry "BRA"]
[SourceTitle "EXT 2020"]
[Source "ChessBase"]
[SourceDate "2019.10.17"]
[SourceVersion "1"]
[SourceVersionDate "2019.10.17"]
[SourceQuality "1"]

1. e4 c5 2. Nf3 Nc6 3. Nc3 g6 4. Bb5 Bg7 5. 0-0 d6 6. d3 Bd7 7. Re1 e6 8. Bf4 e5 9. Bxc6 bxc6 10. Bg5 f6 11. Be3 f5 12. exf5 gxf5 13. Bg5 Bf6 14. Qd2 Bxg5 15. Nxg5 h6 16. Nh3 Qh4 17. f4 Ne7 18. fxe5 d5 19. Qf4 Qxf4 20. Nxf4 0-0-0 21. Na4 c4 22. Nc5 cxd3 23. cxd3 Rhg8 24. d4 Rg4 25. Ncd3 Rdg8 26. Kf2 h5 27. g3 h4 28. Rg1 h3 29. b4 Ng6 30. Rac1 Nxf4 31. Nxf4 Kb7 32. Rc5 a6 33. e6 Be8 34. a4 Kb6 35. Rc3 R8g7 36. Re3 Re7 37. Re5 Bg6 38. Rb1 Be8 39. b5 axb5 40. axb5 Rxf4+ 41. gxf4 Rg7 42. Rg1 Rxg1 43. Kxg1 Kxb5 44. Kf2 Kc4 45. Ke3 c5 46. Rxf5 cxd4+ 47. Kd2 d3 48. Rf8 Bh5 49. e7 Kd4 50. e8Q 1-0

[Event "Brasilia-ch final"]
[Site "Brasilia"]
[Date "2018.10.19"]
[Round "1"]
[White "Moraes Silva, Carlos Alessandro"]
[Black "Maciel, Diogo Alves"]
[Result "1/2-1/2"]
[WhiteElo "2011"]
[BlackElo "1964"]
[PlyCount "56"]
[EventDate "2018.10.19"]
[EventType "tourn"]
[EventRounds "7"]
[EventCountry "BRA"]
[SourceTitle "CBM 187 Extra"]
[Source "ChessBase"]
[SourceDate "2018.11.04"]
[SourceVersion "1"]
[SourceVersionDate "2018.11.04"]
[SourceQuality "1"]

1. c4 c6 2. Nf3 Nf6 3. Nc3 d5 4. cxd5 cxd5 5. h3 Nc6 6. d4 g6 7. Bf4 Bg7 8. e3 0-0 9. Be2 b6 10. Ne5 Bb7 11. Bh2 Nxe5 12. Bxe5 Ne4 13. Bxg7 Nxc3 14. bxc3 Kxg7 15. h4 Qc7 16. Rc1 Qd6 17. h5 Rfc8 18. Qd2 Qf6 19. f3 e5 20. Kf2 h6 21. hxg6 fxg6 22. dxe5 Qxe5 23. Rh3 Rc7 24. Qd4 Qxd4 25. exd4 Bc8 26. g4 Be6 27. f4 Rf8 28. Kg3 Rfc8 1/2-1/2

[Event "Brasilia Terraviva op"]
[Site "Brasilia"]
[Date "2018.01.14"]
[Round "6"]
[White "Diamant, Andre"]
[Black "Maciel, Diogo Alves"]
[Result "0-1"]
[WhiteElo "2533"]
[BlackElo "1972"]
[PlyCount "95"]
[EventDate "2018.01.11"]
[EventType "swiss"]
[EventRounds "7"]
[EventCountry "BRA"]
[SourceTitle "CBM 182 Extra"]
[Source "ChessBase"]
[SourceDate "2018.02.23"]
[SourceVersion "1"]
[SourceVersionDate "2018.02.23"]
[SourceQuality "1"]

1. e4 e5 2. Nf3 Nc6 3. Bb5 g6 4. 0-0 Bg7 5. c3 a6 6. Ba4 Nge7 7. d4 b5 8. Bb3 0-0 9. a4 Bb7 10. Re1 d6 11. Na3 Qe8 12. dxe5 dxe5 13. Qe2 Na5 14. Bc2 Bc6 15. axb5 axb5 16. Be3 Nc8 17. Bc5 Nd6 18. Bxd6 cxd6 19. b4 Nb7 20. Bd3 f5 21. Bxb5 Bxb5 22. Nxb5 Rxa1 23. Rxa1 fxe4 24. Qc4+ Kh8 25. Ng5 e3 26. fxe3 Bh6 27. Ne4 Bxe3+ 28. Kh1 Qd7 29. Qd5 Qf5 30. h3 h5 31. Nbxd6 Nxd6 32. Nxd6 Qf4 33. Ne4 Bc1 34. Ng3 Qe3 35. Qd6 Rg8 36. Qf6+ Kh7 37. Kh2 Qf4 38. Qxf4 Bxf4 39. h4 g5 40. Kh3 g4+ 41. Kh2 Rd8 42. Rf1 Kg6 43. b5 Rd3 44. Rxf4 exf4 45. Ne2 g3+ 46. Kh3 Kf5 47. Nd4+ Ke4 48. Ne6 0-1

[Event "Brasilia Terraviva op"]
[Site "Brasilia"]
[Date "2018.01.12"]
[Round "3"]
[White "Maciel, Diogo Alves"]
[Black "Rabelo, Jose Carlos Vargas"]
[Result "1-0"]
[WhiteElo "1972"]
[BlackElo "1711"]
[PlyCount "81"]
[EventDate "2018.01.11"]
[EventType "swiss"]
[EventRounds "7"]
[EventCountry "BRA"]
[SourceTitle "CBM 182 Extra"]
[Source "ChessBase"]
[SourceDate "2018.02.23"]
[SourceVersion "1"]
[SourceVersionDate "2018.02.23"]
[SourceQuality "1"]

1. d4 d5 2. Nf3 Nf6 3. Bg5 e6 4. c4 c6 5. Nc3 Bb4 6. Qb3 Bxc3+ 7. Qxc3 0-0 8. e3 Ne4 9. Bxd8 Nxc3 10. Bh4 Ne4 11. Bd3 f5 12. Rc1 Nd7 13. Be7 Re8 14. Ba3 h6 15. Ne5 Nxe5 16. dxe5 Ng5 17. Be2 g6 18. f4 Nf7 19. Kf2 Bd7 20. Rhd1 Bc8 21. b4 Bd7 22. b5 Rac8 23. Bb4 cxb5 24. cxb5 Rxc1 25. Rxc1 Rc8 26. Rxc8+ Bxc8 27. Ke1 Nh8 28. a4 Kf7 29. a5 a6 30. Kd2 Ke8 31. Kc3 axb5 32. Kd4 Bd7 33. Kc5 Nf7 34. Bxb5 Bxb5 35. Kxb5 Kd7 36. Kb6 Kc8 37. Be7 Kd7 38. Kxb7 Kxe7 39. a6 Kd7 40. a7 Nd8+ 41. Kb6 1-0

[Event "Brasilia Terraviva op"]
[Site "Brasilia"]
[Date "2018.01.12"]
[Round "2"]
[White "Matsuura, Everaldo"]
[Black "Maciel, Diogo Alves"]
[Result "1-0"]
[WhiteElo "2492"]
[BlackElo "1972"]
[PlyCount "45"]
[EventDate "2018.01.11"]
[EventType "swiss"]
[EventRounds "7"]
[EventCountry "BRA"]
[SourceTitle "CBM 182 Extra"]
[Source "ChessBase"]
[SourceDate "2018.02.23"]
[SourceVersion "1"]
[SourceVersionDate "2018.02.23"]
[SourceQuality "1"]

1. d4 Nf6 2. c4 e6 3. Nc3 d5 4. Bf4 Be7 5. Rc1 0-0 6. e3 b6 7. a3 a6 8. Nf3 Bb7 9. cxd5 exd5 10. Bd3 Nbd7 11. 0-0 Re8 12. b4 c5 13. bxc5 bxc5 14. Rb1 Ra7 15. Qa4 c4 16. Bf5 g6 17. Bh3 Nb6 18. Qa5 Na8 19. Qa4 Bc8 20. Rb8 Bd7 21. Rxd8 Bxa4 22. Rxe8+ Bxe8 23. Rb1 1-0

[Event "Brasilia Centro Oeste-ch"]
[Site "Brasilia"]
[Date "2017.09.24"]
[Round "6"]
[White "Maciel, Diogo Alves"]
[Black "Navarro, Luis Flavio Cunha"]
[Result "1-0"]
[WhiteElo "1942"]
[BlackElo "1970"]
[PlyCount "81"]
[EventDate "2017.09.22"]
[EventType "swiss"]
[EventRounds "6"]
[EventCountry "BRA"]
[SourceTitle "CBM 180 Extra"]
[Source "ChessBase"]
[SourceDate "2017.10.06"]
[SourceVersion "1"]
[SourceVersionDate "2017.10.06"]
[SourceQuality "1"]

1. Nf3 c5 2. c4 g6 3. g3 Bg7 4. Bg2 Nc6 5. 0-0 Nf6 6. d4 cxd4 7. Nxd4 0-0 8. Nc3 Nxd4 9. Qxd4 d6 10. Qh4 Qb6 11. Rb1 Be6 12. b3 Qa5 13. Bd2 Ng4 14. Ne4 Qxa2 15. Qxe7 Rfe8 16. Qxb7 Rab8 17. Qc7 Rbc8 18. Qa5 Qxa5 19. Bxa5 Bf5 20. Nxd6 Bxb1 21. Rxb1 Re5 22. Bc3 Rd8 23. Bxe5 Bxe5 24. Ne4 f5 25. h3 fxe4 26. hxg4 e3 27. Be4 Kg7 28. f4 Bd4 29. Kg2 a5 30. Kf3 Re8 31. b4 axb4 32. Rxb4 Re7 33. g5 h6 34. Rb7 Rxb7 35. gxh6+ Kxh6 36. Bxb7 Bc5 37. Ke4 g5 38. Kd5 Ba7 39. c5 gxf4 40. gxf4 Kg6 41. Kd6 1-0

[Event "Brasilia Centro Oeste-ch"]
[Site "Brasilia"]
[Date "2017.09.22"]
[Round "2"]
[White "Maciel, Diogo Alves"]
[Black "De Moura, Valderi Nascimento"]
[Result "1-0"]
[WhiteElo "1942"]
[BlackElo "1732"]
[PlyCount "103"]
[EventDate "2017.09.22"]
[EventType "swiss"]
[EventRounds "6"]
[EventCountry "BRA"]
[SourceTitle "CBM 180 Extra"]
[Source "ChessBase"]
[SourceDate "2017.10.06"]
[SourceVersion "1"]
[SourceVersionDate "2017.10.06"]
[SourceQuality "1"]

1. e4 e6 2. d4 d5 3. exd5 exd5 4. Nf3 Nf6 5. Bd3 Bg4 6. 0-0 Be7 7. Re1 0-0 8. Nbd2 Nc6 9. c3 Bd6 10. h3 Bh5 11. g4 Bg6 12. Qc2 Bf4 13. Ne5 Nxe5 14. dxe5 Bxd3 15. Qxd3 Bxd2 16. Bxd2 Ne4 17. f3 Nxd2 18. Qxd2 Qh4 19. Kg2 c6 20. a4 Rfe8 21. f4 Re6 22. f5 Rh6 23. Re3 Qg5 24. Rd3 Qxd2+ 25. Rxd2 f6 26. e6 g6 27. g5 Rh5 28. gxf6 Rxf5 29. f7+ Kf8 30. Re1 Ke7 31. Rf2 Rg5+ 32. Kh2 Rf8 33. Rf4 Ra8 34. h4 Rh5 35. Kg3 g5 36. hxg5 Rxg5+ 37. Rg4 h6 38. Rxg5 hxg5 39. Kg4 Rh8 40. Kxg5 Rh2 41. Re3 Rxb2 42. Rg3 Rf2 43. Kg6 Kxe6 44. Re3+ Kd7 45. Re8 Rg2+ 46. Kh5 Rf2 47. f8Q Rxf8 48. Rxf8 Kc7 49. a5 Kd6 50. Rf7 Kc5 51. Rxb7 a6 52. Rb4 1-0

[Event "Brasilia Centro Oeste-ch"]
[Site "Brasilia"]
[Date "2017.09.22"]
[Round "1"]
[White "Romeo, Henrique"]
[Black "Maciel, Diogo Alves"]
[Result "0-1"]
[WhiteElo "1425"]
[BlackElo "1942"]
[PlyCount "76"]
[EventDate "2017.09.22"]
[EventType "swiss"]
[EventRounds "6"]
[EventCountry "BRA"]
[SourceTitle "CBM 180 Extra"]
[Source "ChessBase"]
[SourceDate "2017.10.06"]
[SourceVersion "1"]
[SourceVersionDate "2017.10.06"]
[SourceQuality "1"]

1. e4 c5 2. Nf3 d6 3. d4 cxd4 4. Nxd4 Nf6 5. Nc3 a6 6. Bg5 e6 7. f4 Qb6 8. Nb3 Nc6 9. Qd2 Be7 10. Bh4 0-0 11. Bf2 Qc7 12. a4 Ng4 13. Bg1 f5 14. a5 fxe4 15. Bb6 Qb8 16. Be2 Nh6 17. Rf1 d5 18. 0-0-0 Bb4 19. g3 Qd6 20. Qe3 Nf5 21. Qg1 Qe7 22. Na4 Qe8 23. Nac5 d4 24. Nxd4 Nfxd4 25. Rxd4 Nxd4 26. Qxd4 Bxc5 27. Bxc5 Rf5 28. Bd6 Rd5 29. Qb6 Qd7 30. Be5 Qa4 31. b3 Qxa5 32. Qxa5 Rxa5 33. Rd1 Rd5 34. Rd4 Rxd4 35. Bxd4 Bd7 36. Bg4 e5 37. Bxd7 exd4 38. Kd2 g6 0-1

[Event "Brasilia Viva op"]
[Site "Brasilia"]
[Date "2017.04.30"]
[Round "4"]
[White "Nobre, Jailson Altair Barb"]
[Black "Maciel, Diogo Alves"]
[Result "0-1"]
[WhiteElo "1740"]
[BlackElo "1938"]
[PlyCount "92"]
[EventDate "2017.04.28"]
[EventType "swiss"]
[EventRounds "7"]
[EventCountry "BRA"]
[SourceTitle "CBM 178 Extra"]
[Source "ChessBase"]
[SourceDate "2017.06.22"]
[SourceVersion "1"]
[SourceVersionDate "2017.06.22"]
[SourceQuality "1"]

1. e4 c6 2. d4 d5 3. exd5 cxd5 4. c4 Nf6 5. Nc3 g6 6. Nf3 Bg7 7. cxd5 Nxd5 8. Bc4 Nb6 9. Bb5+ Bd7 10. Bxd7+ N8xd7 11. 0-0 0-0 12. Ne4 Rc8 13. Bf4 Nd5 14. Bg3 Qb6 15. Qa4 Qc6 16. Qb3 N5b6 17. Nc3 Qc4 18. Qa3 Bf6 19. Ne5 Qxd4 20. Nxd7 Nxd7 21. Rad1 Qc5 22. Qxc5 Nxc5 23. Bf4 Bxc3 24. bxc3 Ne6 25. Bh6 Rfd8 26. Rb1 b6 27. Rb3 f6 28. Be3 Kf7 29. Ra3 Rd7 30. Rc1 Rc4 31. Kf1 Nd8 32. Ke2 e5 33. Rb3 Nc6 34. Rb2 Ke6 35. Rd2 Rxd2+ 36. Kxd2 Na5 37. Kd3 Ra4 38. Rc2 Nc4 39. Bc1 Kd5 40. f3 f5 41. Bh6 Ra5 42. Re2 Rb5 43. Bc1 Ra5 44. Bg5 Ra4 45. Bf6 e4+ 46. fxe4+ fxe4+ 0-1

[Event "Sao Paulo op-A 6th"]
[Site "Sao Paulo"]
[Date "2017.04.14"]
[Round "2"]
[White "Gloor, Claudio"]
[Black "Maciel, Diogo Alves"]
[Result "1/2-1/2"]
[WhiteElo "2101"]
[BlackElo "1938"]
[PlyCount "72"]
[EventDate "2017.04.14"]
[EventType "swiss"]
[EventRounds "6"]
[EventCountry "BRA"]
[SourceTitle "CBM 178 Extra"]
[Source "ChessBase"]
[SourceDate "2017.06.22"]
[SourceVersion "1"]
[SourceVersionDate "2017.06.22"]
[SourceQuality "1"]

1. d4 Nf6 2. Nf3 e6 3. g3 b6 4. Bg2 Bb7 5. 0-0 Be7 6. c4 0-0 7. Nc3 Ne4 8. Qc2 Nxc3 9. bxc3 f5 10. a4 Be4 11. Qb3 Nc6 12. Qa2 Kh8 13. Rd1 Qe8 14. Ba3 Bxa3 15. Qxa3 Na5 16. Nd2 Bxg2 17. Kxg2 Qh5 18. f3 d6 19. c5 dxc5 20. dxc5 Rad8 21. Qb4 Qe8 22. cxb6 axb6 23. Nc4 Nxc4 24. Qxc4 Qe7 25. Rxd8 Rxd8 26. a5 bxa5 27. Rxa5 h6 28. Rc5 Rd7 29. Rc6 e5 30. Re6 Qf7 31. Qc6 Re7 32. Rxe7 Qxe7 33. Qb7 Kh7 34. Qc8 Kg6 35. e4 fxe4 36. fxe4 Kf7 1/2-1/2

[Event "Sao Paulo Hebraica op 24th"]
[Site "Sao Paulo"]
[Date "2017.01.15"]
[Round "6"]
[White "Poeta, Caio Medeiros"]
[Black "Maciel, Diogo Alves"]
[Result "1-0"]
[WhiteElo "2023"]
[BlackElo "1950"]
[PlyCount "85"]
[EventDate "2017.01.13"]
[EventType "swiss"]
[EventRounds "6"]
[EventCountry "BRA"]
[SourceTitle "CBM 176 Extra"]
[Source "ChessBase"]
[SourceDate "2017.03.02"]
[SourceVersion "1"]
[SourceVersionDate "2017.03.02"]
[SourceQuality "1"]

1. d4 Nf6 2. c4 e6 3. g3 d5 4. Nf3 Be7 5. Bg2 0-0 6. 0-0 Nbd7 7. Qc2 c6 8. Nbd2 Re8 9. Rd1 b6 10. b3 Bb7 11. e4 dxe4 12. Nxe4 Nxe4 13. Qxe4 Bf6 14. Bf4 Qe7 15. Ne5 Rac8 16. Rac1 Ba8 17. c5 Bxe5 18. Bxe5 Nxe5 19. Qxe5 Bb7 20. b4 f6 21. Qe3 Qf7 22. f4 Qd7 23. Re1 Rcd8 24. Rcd1 Ba6 25. Qb3 g6 26. Bh3 Kf7 27. Bg2 h5 28. a4 h4 29. g4 bxc5 30. dxc5 Qc7 31. Rxd8 Qxd8 32. Rd1 Bc4 33. Rxd8 Bxb3 34. Rxe8 Kxe8 35. Bxc6+ Ke7 36. Kf2 e5 37. fxe5 fxe5 38. Ke3 Kf6 39. a5 Ke6 40. Be4 g5 41. b5 Bd1 42. b6 axb6 43. cxb6 1-0

[Event "Sao Paulo Hebraica op 24th"]
[Site "Sao Paulo"]
[Date "2017.01.14"]
[Round "3"]
[White "Maciel, Diogo Alves"]
[Black "Vargas, Goncalo Cintra"]
[Result "0-1"]
[WhiteElo "1950"]
[BlackElo "2076"]
[PlyCount "32"]
[EventDate "2017.01.13"]
[EventType "swiss"]
[EventRounds "6"]
[EventCountry "BRA"]
[SourceTitle "CBM 176 Extra"]
[Source "ChessBase"]
[SourceDate "2017.03.02"]
[SourceVersion "1"]
[SourceVersionDate "2017.03.02"]
[SourceQuality "1"]

1. e4 g6 2. d4 Bg7 3. Nf3 c6 4. c4 Nf6 5. e5 Ne4 6. Bd3 d5 7. Nc3 Qa5 8. Bd2 Nxd2 9. Qxd2 Bg4 10. Qf4 Bxf3 11. gxf3 Na6 12. cxd5 Nb4 13. Qd2 Bh6 14. Qe2 Nxd5 15. 0-0 Nf4 16. Qe4 f5 0-1

[Event "Sao Paulo Hebraica op 24th"]
[Site "Sao Paulo"]
[Date "2017.01.14"]
[Round "4"]
[White "Pereira Fo, Hildebrando Apolon"]
[Black "Maciel, Diogo Alves"]
[Result "0-1"]
[WhiteElo "1737"]
[BlackElo "1950"]
[PlyCount "96"]
[EventDate "2017.01.13"]
[EventType "swiss"]
[EventRounds "6"]
[EventCountry "BRA"]
[SourceTitle "CBM 176 Extra"]
[Source "ChessBase"]
[SourceDate "2017.03.02"]
[SourceVersion "1"]
[SourceVersionDate "2017.03.02"]
[SourceQuality "1"]

1. c4 e5 2. Nc3 Nc6 3. Nf3 Nf6 4. d3 Bb4 5. Bd2 0-0 6. g3 d5 7. cxd5 Nxd5 8. Bg2 h6 9. 0-0 Bxc3 10. bxc3 Qe7 11. Ne1 Be6 12. Nc2 Qd7 13. Nb4 Ncxb4 14. cxb4 Bh3 15. Qb3 Bxg2 16. Kxg2 Rfe8 17. e4 Nf6 18. Bc3 Qxd3 19. f3 Rad8 20. Rf2 c6 21. Re1 a6 22. Rd2 Qb5 23. Red1 Rxd2+ 24. Rxd2 c5 25. a4 Qc6 26. Qd1 cxb4 27. Bxb4 Nxe4 28. Rd8 Nf6 29. Be7 Rxd8 30. Qxd8+ Ne8 31. a5 f6 32. Qd3 Kf7 33. Bd8 Nd6 34. Qb3+ Nc4 35. Qb4 Ne3+ 36. Kf2 Nd5 37. Qb3 Qc5+ 38. Kg2 Qc2+ 39. Qxc2 Ne3+ 40. Kf2 Nxc2 41. Bb6 Ke6 42. Ke2 Nb4 43. Kd2 Kd5 44. Kc3 Nc6 45. Kd3 f5 46. Bc7 Nd4 47. f4 e4+ 48. Kd2 Nf3+ 0-1

[Event "Sao Paulo Hebraica op 24th"]
[Site "Sao Paulo"]
[Date "2017.01.13"]
[Round "1"]
[White "Maciel, Diogo Alves"]
[Black "Sato, Claudio Takeshi"]
[Result "1-0"]
[WhiteElo "1950"]
[BlackElo "1517"]
[PlyCount "55"]
[EventDate "2017.01.13"]
[EventType "swiss"]
[EventRounds "6"]
[EventCountry "BRA"]
[SourceTitle "CBM 176 Extra"]
[Source "ChessBase"]
[SourceDate "2017.03.02"]
[SourceVersion "1"]
[SourceVersionDate "2017.03.02"]
[SourceQuality "1"]

1. d4 Nf6 2. Nf3 e6 3. g3 c5 4. Bg2 Nc6 5. 0-0 d5 6. c4 cxd4 7. Nxd4 Be7 8. Nc3 0-0 9. cxd5 exd5 10. b3 Bc5 11. Be3 Bb4 12. Rc1 Ba3 13. Rc2 a6 14. Nxc6 bxc6 15. Nb1 Qa5 16. Nxa3 Qxa3 17. Bc5 Qa5 18. Bxf8 Kxf8 19. Rxc6 Qxa2 20. Bxd5 Bb7 21. Rxf6 Bxd5 22. Qxd5 gxf6 23. Qxa8+ Kg7 24. Qe4 Qxb3 25. Qg4+ Kh6 26. Rc1 Qb2 27. Rc5 Qb1+ 28. Kg2 1-0